000 00651nam a2200253Ia 4500
003 OSt
005 20221007100907.0
006 a|||||r|||| 00| 0
007 ta
008 221006b |||||||| |||| 00| 0 eng d
024 _a5,390
037 _cTextual
040 _aLCO
_cLCO
_beng
041 _2eng
_aeng
082 _aX8(A):Z,81, K4
100 _aKothari G.L.
_9343727
245 0 _aSupreme Court on Labour Laws
260 _aJabalpur
_bPopular Law House India
_c1964
300 _a650
490 _vVol.- I
650 _aSUPREME COURT
942 _hX8(A):Z,81, K4
_cTEXL
999 _c1174953
_d1174953